000 00807nam a22001817a 4500
003 UA-OsUOA
001 15997
007 ta
008 20031215b un ||||| |||| 00| 0 ukr d
100 _aБєлан О.
942 _cSA
040 _aUA-OsUOA
_cUA-OsUOA
_dUA-OsUOA
245 _aЛюди з інвалідністю хочуть бути такими , як всі: І цьому їм допомагає обл. від-ня Фонду соц. захисту інвалідів
_b[Розповідь керуючого обл. від-ням Фонду соц. захисту інвалідів О.Бєлан]
_cО. Бєлан; О. Бєлаш
300 _aС.3
955 _a0
773 0 _w0
_tВільне слово
_dРівне
_d2003
_g№96/3 груд./
650 7 _aКраєзнавча робота
_2UDC
999 _c302162
_d302162